000 00934nam a2200253Ia 4500
003 OSt
005 20221005105802.0
006 a|||||r|||| 00| 0
007 ta
008 221004b |||||||| |||| 00| 0 hin d
024 _a108753
037 _cTextual
040 _aCRL
_cCRL
_bhin
041 _2hin
_ahin
082 _aO152,1:gN, N0
100 _aमिश्र, राजेन्द्र
245 0 _aअॅंगरेजी - हिन्दी नयी कविता की प्रवृत्तियॉं
246 _aAॅangarejī - hindī nayī kavitā kī pravṛuttiyaॉan
260 _aनई दिल्ली
_bसामयिक प्रकाशन भारत
_c1990
300 _a589पृ0
_ccm.
650 _aहिन्दी साहित्य
942 _hO152,1:gN, N0
_cTEXL
_2cc
999 _c1016896
_d1016896